[Event "Piestany Slovakia op-A"]
[Site "Piestany"]
[Date "2025.07.16"]
[Round "9"]
[White "Lovcican, Tomas"]
[Black "Gay, Lukas"]
[Result "1/2-1/2"]
[WhiteElo "2112"]
[BlackElo "2150"]
[PlyCount "84"]
[EventDate "2025.07.08"]
[EventType "swiss"]
[EventRounds "9"]
[EventCountry "SVK"]
[SourceTitle "CB29_2025"]
[SourceDate "2025.07.16"]
[SourceVersion "1"]
[SourceVersionDate "2025.07.16"]
[SourceQuality "1"]

1. e4 d5 2. exd5 Qxd5 3. Nc3 Qa5 4. d4 Nf6 5. Nf3 Bf5 6. Bd2 e6 7. Bc4 Bb4 8. 0-0 0-0 9. Re1 Nbd7 10. a3 Bxc3 11. Bxc3 Qb6 12. Ne5 Rad8 13. Qe2 Nxe5 14. dxe5 Ne4 15. Bb4 c5 16. Bd3 cxb4 17. Bxe4 Bxe4 18. Qxe4 Rd2 19. Re2 Rfd8 20. axb4 R2d4 21. Qe3 Qxb4 22. b3 Rd1+ 23. Re1 Rxe1+ 24. Rxe1 Qd2 25. Qxd2 Rxd2 26. Rc1 Kf8 27. Kf1 Ke7 28. c4 Kd7 29. Rc3 Kc6 30. Rf3 Rd7 31. b4 b5 32. cxb5+ Kxb5 33. Rf4 Kc6 34. Rc4+ Kd5 35. Rc5+ Kd4 36. Ke2 Rb7 37. Ra5 f6 38. exf6 gxf6 39. Ra6 Re7 40. Rc6 f5 41. b5 Kd5 42. f4 Rb7 1/2-1/2

[Event "Piestany Slovakia op-A"]
[Site "Piestany"]
[Date "2025.07.10"]
[Round "3"]
[White "Lovcican, Tomas"]
[Black "Beres, Tomas"]
[Result "1/2-1/2"]
[WhiteElo "2112"]
[BlackElo "2182"]
[PlyCount "43"]
[EventDate "2025.07.08"]
[EventType "swiss"]
[EventRounds "9"]
[EventCountry "SVK"]
[SourceTitle "CB29_2025"]
[SourceDate "2025.07.16"]
[SourceVersion "1"]
[SourceVersionDate "2025.07.16"]
[SourceQuality "1"]

1. d4 d5 2. c4 e6 3. Nf3 Nf6 4. g3 Be7 5. Bg2 0-0 6. 0-0 dxc4 7. Nbd2 b5 8. a4 c6 9. Ne5 Nd5 10. Ne4 Bb7 11. f4 Nd7 12. Kh1 a5 13. Bd2 N7b6 14. axb5 cxb5 15. Nc5 Bxc5 16. dxc5 f6 17. c6 fxe5 18. cxb7 Rb8 19. Rxa5 exf4 20. Bxf4 Rxb7 21. Rxb5 Rd7 22. Qc2 1/2-1/2

[Event "SVK-ch U18/20"]
[Site "Tatralandia"]
[Date "2025.05.11"]
[Round "1"]
[White "Slivinsky, Maxim"]
[Black "Lovcican, Tomas"]
[Result "0-1"]
[WhiteElo "1794"]
[BlackElo "2121"]
[PlyCount "70"]
[EventDate "2025.05.11"]
[EventType "swiss"]
[EventRounds "9"]
[EventCountry "SVK"]
[SourceTitle "CB21_2025"]
[SourceDate "2025.05.21"]
[SourceVersion "1"]
[SourceVersionDate "2025.05.21"]
[SourceQuality "1"]

1. c4 Nf6 2. Nc3 g6 3. g3 Bg7 4. e4 d6 5. d4 Nbd7 6. Nf3 c5 7. d5 0-0 8. h3 Qb6 9. Bd2 e6 10. dxe6 fxe6 11. Rb1 Qc6 12. Bd3 d5 13. cxd5 exd5 14. exd5 Nxd5 15. Bc4 N7b6 16. Nxd5 Nxd5 17. Bg5 Re8+ 18. Kf1 Be6 19. Qb3 Nc7 20. Kg2 b5 21. Bxe6+ Nxe6 22. Kh2 c4 23. Qd1 Rf8 24. Bf4 g5 25. Nxg5 Nxg5 26. h4 Nf3+ 27. Kh3 Rad8 28. Qc2 Qe6+ 29. Kg2 Rxf4 30. gxf4 Qg4+ 31. Kf1 Nd2+ 32. Ke1 Qe6+ 33. Kd1 Nb3+ 34. Qd3 Rxd3+ 35. Kc2 Qe2# 0-1

[Event "SVK-chT1E 2425"]
[Site "Slovakia"]
[Date "2025.01.11"]
[Round "5.5"]
[White "Lovcican, Tomas"]
[Black "Sulko, Jan"]
[Result "1-0"]
[WhiteElo "2061"]
[BlackElo "1934"]
[PlyCount "111"]
[EventDate "2024.11.16"]
[EventType "team-tourn"]
[EventRounds "11"]
[EventCountry "SVK"]
[SourceTitle "CB14_2025"]
[SourceDate "2024.11.01"]
[SourceVersion "1"]
[SourceVersionDate "2024.11.01"]
[SourceQuality "1"]
[WhiteTeam "Banska Bystrica Junior"]
[BlackTeam "Zvolen Slavia"]
[WhiteTeamCountry "SVK"]
[BlackTeamCountry "SVK"]

1. Nf3 Nf6 2. d4 d5 3. c4 c6 4. g3 Bf5 5. Bg2 e6 6. 0-0 h6 7. Nbd2 Be7 8. a3 a5 9. Re1 0-0 10. Ne5 Nbd7 11. Ndf3 Nxe5 12. Nxe5 Nd7 13. Bf4 Nxe5 14. Bxe5 b5 15. e4 dxe4 16. Bxe4 Bxe4 17. Rxe4 bxc4 18. Qg4 Bf6 19. Rc1 Bxe5 20. Rxe5 Qb6 21. Rxc4 Qxb2 22. Qf3 Rfd8 23. Re4 Rab8 24. Rg4 f5 25. Rg6 Rxd4 26. Rxc6 Qa1+ 27. Kg2 Rb1 28. Qe2 Re4 29. Qa6 Rg1+ 30. Kh3 Qd1 31. Qc8+ Kh7 32. Rxg7+ Kxg7 33. Rc7+ Kg6 34. Qe8+ Kg5 35. Qe7+ Kh5 36. Qf7+ Kg5 37. Qg8+ Kh5 38. Qe8+ Kg5 39. Qg8+ Kh5 40. Qe8+ Kg5 41. Rg7+ Kf6 42. Qe7+ Ke5 43. Qc7+ Qd6 44. f4+ Kd5 45. Rd7 Qxd7 46. Qxd7+ Kc4 47. Qc6+ Kd3 48. Qb5+ Kd2 49. Qxa5+ Ke2 50. Qb5+ Kf2 51. Qb6+ Kf1 52. a4 Re2 53. a5 Rgg2 54. Qb1+ Kf2 55. a6 Ke3 56. Qh1 1-0

[Event "SVK-chT2C 2425"]
[Site "Slovakia"]
[Date "2024.12.01"]
[Round "4.2"]
[White "Kubala, Jan"]
[Black "Lovcican, Tomas"]
[Result "1/2-1/2"]
[WhiteElo "2106"]
[BlackElo "2061"]
[PlyCount "36"]
[EventDate "2024.11.09"]
[EventType "team-tourn"]
[EventRounds "11"]
[EventCountry "SVK"]
[SourceTitle "CB51_2024"]
[SourceDate "2024.12.18"]
[SourceVersion "1"]
[SourceVersionDate "2024.12.18"]
[SourceQuality "1"]
[WhiteTeam "Cadca Caissa II"]
[BlackTeam "Detva"]
[WhiteTeamCountry "SVK"]
[BlackTeamCountry "SVK"]

1. e4 c5 2. Nf3 d6 3. d4 cxd4 4. Nxd4 Nf6 5. Nc3 g6 6. Be2 Bg7 7. 0-0 0-0 8. Bg5 Nc6 9. Nb3 a6 10. a4 Be6 11. Re1 Re8 12. Bf1 Bxb3 13. cxb3 Rc8 14. Rc1 Ne5 15. h3 Qa5 16. Bd2 Qb6 17. Be3 Qb4 18. Bd2 Qb6 1/2-1/2

[Event "SVK-chT2C 2425"]
[Site "Slovakia"]
[Date "2024.11.30"]
[Round "3.1"]
[White "Kantorik, Marian"]
[Black "Lovcican, Tomas"]
[Result "1-0"]
[WhiteElo "2157"]
[BlackElo "2061"]
[PlyCount "55"]
[EventDate "2024.11.09"]
[EventType "team-tourn"]
[EventRounds "11"]
[EventCountry "SVK"]
[SourceTitle "CB51_2024"]
[SourceDate "2024.12.18"]
[SourceVersion "1"]
[SourceVersionDate "2024.12.18"]
[SourceQuality "1"]
[WhiteTeam "Dunajov Martin III"]
[BlackTeam "Detva"]
[WhiteTeamCountry "SVK"]
[BlackTeamCountry "SVK"]

1. d4 Nf6 2. c4 e6 3. Nf3 b6 4. g3 Bb7 5. Bg2 Bb4+ 6. Nbd2 0-0 7. 0-0 d5 8. a3 Be7 9. b4 Nbd7 10. c5 bxc5 11. bxc5 e5 12. Rb1 Bc6 13. dxe5 Ng4 14. Nd4 Ndxe5 15. h3 Nxf2 16. Rxf2 Bxc5 17. N2b3 Ba4 18. e3 Rb8 19. Qe2 Nc4 20. Nd2 Rxb1 21. Nxb1 Qg5 22. Qg4 Qe5 23. Qf4 Qh5 24. Nc3 Bd6 25. Qf5 Bd1 26. g4 Qh4 27. Nxd1 Qg3 28. Qxd5 1-0

[Event "SVK-chT2C 2425"]
[Site "Slovakia"]
[Date "2024.11.09"]
[Round "1.2"]
[White "Brnusak, Tomas"]
[Black "Lovcican, Tomas"]
[Result "1-0"]
[WhiteElo "2223"]
[BlackElo "2061"]
[PlyCount "77"]
[EventDate "2024.11.09"]
[EventType "team-tourn"]
[EventRounds "11"]
[EventCountry "SVK"]
[SourceTitle "CB51_2024"]
[SourceDate "2024.12.18"]
[SourceVersion "1"]
[SourceVersionDate "2024.12.18"]
[SourceQuality "1"]
[WhiteTeam "Liptov Chess School III"]
[BlackTeam "Detva"]
[WhiteTeamCountry "SVK"]
[BlackTeamCountry "SVK"]

1. e4 c5 2. Nf3 d6 3. d4 cxd4 4. Nxd4 Nf6 5. Nc3 g6 6. Be3 Bg7 7. f3 0-0 8. Qd2 Nc6 9. Bc4 Bd7 10. 0-0-0 Rc8 11. Bb3 Ne5 12. g4 b5 13. g5 Nh5 14. Ndxb5 Nxf3 15. Qe2 Ne5 16. Nxa7 Bg4 17. Qa6 Rxc3 18. bxc3 Bxd1 19. Rxd1 Ng4 20. Bd4 Nxh2 21. Qe2 Qd7 22. Qxh2 Bxd4 23. cxd4 Qxa7 24. e5 dxe5 25. Qxe5 e6 26. d5 exd5 27. Rxd5 Qb8 28. Qxb8 Rxb8 29. Rd7 Rb5 30. Bxf7+ Kf8 31. Bb3 Rxg5 32. Rxh7 Ke8 33. a4 Kd8 34. Kb2 Kc8 35. Ka3 Nf6 36. Rf7 Ne8 37. Be6+ Kd8 38. Rd7+ Kc8 39. Rd5+ 1-0

[Event "Tatran Cup 70th"]
[Site "Tatranske Matliare"]
[Date "2024.10.10"]
[Round "7"]
[White "Lovcican, Tomas"]
[Black "Bednar, Jan"]
[Result "1/2-1/2"]
[WhiteElo "2065"]
[BlackElo "2011"]
[PlyCount "77"]
[EventDate "2024.10.05"]
[EventType "swiss"]
[EventRounds "8"]
[EventCountry "SVK"]
[SourceTitle "CB45_2024"]
[Source "ChessBase"]
[SourceDate "2024.11.06"]
[SourceVersion "1"]
[SourceVersionDate "2024.11.06"]
[SourceQuality "1"]

1. e4 c5 2. Nf3 d6 3. d4 cxd4 4. Nxd4 Nf6 5. Nc3 g6 6. Be3 Bg7 7. f3 0-0 8. Qd2 Nc6 9. 0-0-0 Nxd4 10. Bxd4 Be6 11. g4 Qa5 12. g5 Nh5 13. Bxg7 Kxg7 14. Qd4+ f6 15. gxf6+ Rxf6 16. a3 Rc8 17. h4 Qc5 18. Bh3 Qxd4 19. Rxd4 Bxh3 20. Rxh3 Nf4 21. Rh2 Rc5 22. Kd2 Rh5 23. Rc4 Ne6 24. Ke3 Rf4 25. Rb4 b6 26. Nd5 Rfxh4 27. Rxh4 Rxh4 28. Nxe7 Rh2 29. c3 h5 30. Nd5 h4 31. Nf4 Nxf4 32. Kxf4 Rg2 33. Rd4 g5+ 34. Kf5 Rg3 35. Rxd6 h3 36. f4 h2 37. Rd7+ Kh6 38. Rd6+ Kg7 39. Rd7+ 1/2-1/2

[Event "Tatran Cup 70th"]
[Site "Tatranske Matliare"]
[Date "2024.10.09"]
[Round "6"]
[White "Mandak, Miroslav"]
[Black "Lovcican, Tomas"]
[Result "1/2-1/2"]
[WhiteElo "1917"]
[BlackElo "2065"]
[PlyCount "56"]
[EventDate "2024.10.05"]
[EventType "swiss"]
[EventRounds "8"]
[EventCountry "SVK"]
[SourceTitle "CB45_2024"]
[Source "ChessBase"]
[SourceDate "2024.11.06"]
[SourceVersion "1"]
[SourceVersionDate "2024.11.06"]
[SourceQuality "1"]

1. Nf3 Nf6 2. g3 c5 3. Bg2 Nc6 4. d3 d5 5. Nbd2 e5 6. 0-0 Be7 7. e4 0-0 8. a3 d4 9. Nc4 Qc7 10. a4 Be6 11. b3 Nd7 12. Ne1 a6 13. f4 f6 14. f5 Bf7 15. Nf3 b5 16. Nb2 c4 17. bxc4 bxc4 18. dxc4 Na5 19. g4 Nxc4 20. Nxc4 Bxc4 21. g5 Bxf1 22. Bxf1 fxg5 23. Bxg5 Nf6 24. Bd3 Ng4 25. Qe2 a5 26. Kh1 Qd8 27. Bd2 Bh4 28. Rf1 Bf6 1/2-1/2

[Event "SVK-ch U18/20"]
[Site "Tatralandia"]
[Date "2024.04.09"]
[Round "6"]
[White "Libich, Simon"]
[Black "Lovcican, Tomas"]
[Result "1-0"]
[WhiteElo "1891"]
[BlackElo "2057"]
[PlyCount "89"]
[EventDate "2024.04.05"]
[EventType "swiss"]
[EventRounds "9"]
[EventCountry "SVK"]
[SourceTitle "CBM 219 Extra"]
[Source "ChessBase"]
[SourceDate "2024.05.31"]
[SourceVersion "1"]
[SourceVersionDate "2024.05.31"]
[SourceQuality "1"]

1. d4 Nf6 2. c4 g6 3. Nc3 d5 4. e3 Bg7 5. cxd5 Nxd5 6. Bc4 Nxc3 7. bxc3 0-0 8. Nf3 c5 9. 0-0 Qc7 10. Qb3 Nc6 11. Be2 a6 12. Ba3 b6 13. Rfd1 Na5 14. Qb2 Bf5 15. Rac1 c4 16. Nd2 b5 17. Bf3 Rab8 18. Bb4 Nc6 19. Bxc6 Qxc6 20. Bxe7 Rfe8 21. Bh4 a5 22. Bg3 Rb7 23. a3 h5 24. Re1 g5 25. f3 h4 26. Bf2 h3 27. e4 Bc8 28. g4 Bf8 29. Qa2 Qd6 30. a4 Qf4 31. Be3 Qf6 32. axb5 Rxb5 33. Rb1 Rxb1 34. Rxb1 Bb4 35. cxb4 c3 36. Qxa5 cxd2 37. Qxg5+ Qxg5 38. Bxg5 Bxg4 39. fxg4 Rxe4 40. Bxd2 Rxg4+ 41. Kh1 Rxd4 42. Bc3 Rd3 43. Be5 Rd5 44. Bf4 Rd4 45. Bg3 1-0

[Event "SVK-ch U18/20"]
[Site "Tatralandia"]
[Date "2024.04.08"]
[Round "5"]
[White "Lovcican, Tomas"]
[Black "Sevcik, Matej"]
[Result "1/2-1/2"]
[WhiteElo "2057"]
[BlackElo "2087"]
[PlyCount "141"]
[EventDate "2024.04.05"]
[EventType "swiss"]
[EventRounds "9"]
[EventCountry "SVK"]
[SourceTitle "CBM 219 Extra"]
[Source "ChessBase"]
[SourceDate "2024.05.31"]
[SourceVersion "1"]
[SourceVersionDate "2024.05.31"]
[SourceQuality "1"]

1. d4 g6 2. e4 Bg7 3. Nf3 d6 4. Nc3 c6 5. Be3 Nd7 6. Be2 b5 7. 0-0 Qc7 8. d5 b4 9. dxc6 bxc3 10. cxd7+ Bxd7 11. Bd4 Bxd4 12. Qxd4 Nf6 13. b3 0-0 14. Bc4 e5 15. Qxc3 Be6 16. Nd2 Bxc4 17. Qxc4 Qxc4 18. Nxc4 Nxe4 19. f3 Nc3 20. Nxd6 Rfd8 21. Nc4 f6 22. Rfe1 Rd4 23. Re3 Nd5 24. Re2 Rd8 25. a4 Kf7 26. Re4 Nc3 27. Rxd4 exd4 28. Re1 d3 29. cxd3 Rxd3 30. Re3 Rxe3 31. Nxe3 Ne2+ 32. Kf1 Nc1 33. b4 Na2 34. Nc2 Ke6 35. Ke2 Nc3+ 36. Kd3 Nxa4 37. Nd4+ Kd5 38. Nb5 Nb2+ 39. Kc3 Nd1+ 40. Kd2 Nb2 41. Nxa7 Kc4 42. Nc6 Na4 43. Ke3 Nc3 44. Ne7 Kxb4 45. Kd4 Ne2+ 46. Ke3 Nc3 47. Ng8 Kc5 48. Nxf6 Nd5+ 49. Nxd5 Kxd5 50. g4 g5 51. f4 gxf4+ 52. Kxf4 Ke6 53. Kg5 Kf7 54. h4 Kg7 55. h5 h6+ 56. Kf5 Kf7 57. Ke5 Ke7 58. Kd5 Kf6 59. Ke4 Ke6 60. Kd4 Kf6 61. Ke3 Ke7 62. Kf3 Kf7 63. Kg3 Kg7 64. Kf2 Kf6 65. Ke3 Ke7 66. Ke4 Ke6 67. g5 hxg5 68. h6 Kf6 69. h7 Kg7 70. Kf5 Kxh7 71. Kxg5 1/2-1/2

[Event "SVK-chT1E 2223"]
[Site "Slovakia"]
[Date "2024.03.10"]
[Round "11.4"]
[White "Lovcican, Tomas"]
[Black "Tauber, Marek"]
[Result "1/2-1/2"]
[WhiteElo "1975"]
[BlackElo "2056"]
[PlyCount "63"]
[EventDate "2023.10.21"]
[EventType "team-tourn"]
[EventRounds "11"]
[EventCountry "SVK"]
[SourceTitle "EXT 2025"]
[Source "ChessBase"]
[SourceDate "2024.10.14"]
[SourceVersion "1"]
[SourceVersionDate "2024.10.14"]
[SourceQuality "1"]
[WhiteTeam "Banska Bystrica Junior"]
[BlackTeam "Kosice Slavia UPJS"]
[WhiteTeamCountry "SVK"]
[BlackTeamCountry "SVK"]

1. d4 Nf6 2. c4 g6 3. Nc3 d5 4. cxd5 Nxd5 5. e4 Nxc3 6. bxc3 Bg7 7. Bb5+ c6 8. Ba4 b5 9. Bb3 b4 10. Bb2 bxc3 11. Bxc3 0-0 12. Ne2 Ba6 13. e5 Nd7 14. 0-0 Nb6 15. Re1 Nd5 16. Bb2 Qb6 17. Nc3 Nxc3 18. Bxc3 e6 19. Rb1 Rab8 20. Qd2 Rfc8 21. Bc2 Qd8 22. Ba5 Qd7 23. Qc3 Bf8 24. Bb4 Bxb4 25. Rxb4 Rxb4 26. Qxb4 c5 27. dxc5 Qb5 28. Qa3 Rxc5 29. Bd3 Qa5 30. Qxa5 Rxa5 31. Bxa6 Rxa6 32. Re2 1/2-1/2

[Event "SVK-chT1E 2223"]
[Site "Slovakia"]
[Date "2024.01.13"]
[Round "7.3"]
[White "Bednar, Milan"]
[Black "Lovcican, Tomas"]
[Result "1-0"]
[WhiteElo "2189"]
[BlackElo "1975"]
[PlyCount "81"]
[EventDate "2023.10.21"]
[EventType "team-tourn"]
[EventRounds "11"]
[EventCountry "SVK"]
[SourceTitle "EXT 2025"]
[Source "ChessBase"]
[SourceDate "2024.10.14"]
[SourceVersion "1"]
[SourceVersionDate "2024.10.14"]
[SourceQuality "1"]
[WhiteTeam "Stropkov/Svidnik"]
[BlackTeam "Banska Bystrica Junior"]
[WhiteTeamCountry "SVK"]
[BlackTeamCountry "SVK"]

1. d4 Nf6 2. Nf3 e6 3. g3 b6 4. Bg2 Bb7 5. 0-0 c5 6. c4 cxd4 7. Qxd4 Bc5 8. Qd3 Be4 9. Qd1 Qe7 10. Nc3 Bb7 11. Nb5 d6 12. a3 a6 13. Nc3 d5 14. b4 Bd6 15. cxd5 Nxd5 16. Ne4 Bc7 17. Bb2 0-0 18. Nd4 Nd7 19. Rc1 Ne5 20. Qb3 Rac8 21. b5 Bb8 22. Nd2 axb5 23. Nxb5 Nd7 24. Nc4 Nc5 25. Qa2 Rfd8 26. Rfd1 Ba6 27. Nd4 Ba7 28. Ne5 Qe8 29. Ndc6 Rxc6 30. Nxc6 Qxc6 31. e4 Bb7 32. exd5 exd5 33. Bxd5 Rxd5 34. Qxd5 Qxd5 35. Rxd5 Bxd5 36. Rd1 f6 37. Rxd5 Kf7 38. Rd8 b5 39. Bd4 Bb6 40. Rd6 Bc7 41. Bxc5 1-0

[Event "SVK-chT2C 2324"]
[Site "Slovakia"]
[Date "2023.10.07"]
[Round "1.4"]
[White "Lovcican, Tomas"]
[Black "Hrnciar, Roman"]
[Result "1-0"]
[WhiteElo "1964"]
[BlackElo "1998"]
[PlyCount "81"]
[EventDate "2023.10.07"]
[EventType "team-tourn"]
[EventRounds "11"]
[EventCountry "SVK"]
[SourceTitle "EXT 2025"]
[Source "ChessBase"]
[SourceDate "2024.10.14"]
[SourceVersion "1"]
[SourceVersionDate "2024.10.14"]
[SourceQuality "1"]
[WhiteTeam "Detva"]
[BlackTeam "Martin Medea"]
[WhiteTeamCountry "SVK"]
[BlackTeamCountry "SVK"]

1. Nf3 d5 2. d4 Nf6 3. c4 e6 4. g3 Be7 5. Bg2 0-0 6. 0-0 c6 7. Nc3 Nbd7 8. Re1 Ne4 9. Nxe4 dxe4 10. Ne5 f5 11. Nxd7 Qxd7 12. Bf4 Bf6 13. Be5 b6 14. Qa4 Bb7 15. Rad1 Rfd8 16. Bxf6 gxf6 17. f3 b5 18. Qc2 exf3 19. exf3 bxc4 20. Qxc4 Qd5 21. Qxd5 exd5 22. Re7 Ba6 23. Rde1 Bd3 24. R1e3 Bb1 25. a3 c5 26. Re1 Ba2 27. dxc5 d4 28. c6 Bd5 29. c7 Rf8 30. Rd7 Bc6 31. Rxd4 Rac8 32. Rc1 Bb7 33. Bh3 Rce8 34. Bxf5 Bc8 35. Bd3 Be6 36. Rd6 Bc8 37. Kf2 Kg7 38. b4 Re7 39. Rd8 Ree8 40. Rxc8 Rxc8 41. Bf5 1-0

[Event "SVK-ch U20 rapid"]
[Site "Senec"]
[Date "2023.05.07"]
[Round "1"]
[White "Lovcican, Tomas"]
[Black "Duracka, Ondrej"]
[Result "1-0"]
[WhiteElo "1842"]
[BlackElo "1000"]
[PlyCount "53"]
[EventDate "2023.05.07"]
[EventType "rapid"]
[EventRounds "7"]
[EventCountry "SVK"]
[SourceTitle "EXT 2024"]
[Source "ChessBase"]
[SourceDate "2023.10.10"]
[SourceVersion "1"]
[SourceVersionDate "2023.10.10"]
[SourceQuality "1"]

1. e4 e5 2. Nf3 Nc6 3. Bb5 a6 4. Ba4 b5 5. Bb3 Nf6 6. 0-0 Bc5 7. Re1 0-0 8. c3 d5 9. exd5 Nxd5 10. Nxe5 Nxe5 11. Rxe5 c6 12. d4 Bd6 13. Re1 Nb6 14. Nd2 Bf5 15. Nf3 Bg4 16. Qd3 Re8 17. Bd2 Nd5 18. Ng5 g6 19. Rxe8+ Qxe8 20. Ne4 Qe7 21. Re1 Nf4 22. Qe3 Nd5 23. Qh6 Re8 24. Bxd5 cxd5 25. Nf6+ Qxf6 26. Rxe8+ Bf8 27. Rxf8# 1-0

[Event "SVK-ch U20"]
[Site "Dudince"]
[Date "2023.04.23"]
[Round "9"]
[White "Beres, Tomas"]
[Black "Lovcican, Tomas"]
[Result "1-0"]
[WhiteElo "2143"]
[BlackElo "1945"]
[PlyCount "55"]
[EventDate "2023.04.16"]
[EventType "tourn"]
[EventRounds "9"]
[EventCountry "SVK"]
[SourceTitle "CBM 213 Extra"]
[Source "ChessBase"]
[SourceDate "2023.05.31"]
[SourceVersion "1"]
[SourceVersionDate "2023.05.31"]
[SourceQuality "1"]

1. e4 c5 2. Nf3 Nc6 3. d4 cxd4 4. Nxd4 Nf6 5. Nc3 d6 6. f3 g6 7. Be3 Bg7 8. Qd2 Bd7 9. 0-0-0 h5 10. h4 a6 11. Kb1 b5 12. Nxc6 Bxc6 13. Bd4 b4 14. Nd5 Bxd5 15. exd5 Qa5 16. Bc4 Kd7 17. Rhe1 Rhe8 18. g4 Bf8 19. Qg5 Rac8 20. Bb3 hxg4 21. fxg4 Ng8 22. Qf4 Nh6 23. c3 Rb8 24. Rc1 Rec8 25. c4 Rb7 26. h5 gxh5 27. g5 Ng4 28. Qxf7 1-0

[Event "SVK-chT2C 2223"]
[Site "Slovakia"]
[Date "2023.03.25"]
[Round "10.3"]
[White "Polko, Juraj"]
[Black "Lovcican, Tomas"]
[Result "1/2-1/2"]
[WhiteElo "2013"]
[BlackElo "1934"]
[PlyCount "137"]
[EventDate "2022.10.08"]
[EventType "team-tourn"]
[EventRounds "11"]
[EventCountry "SVK"]
[SourceTitle "EXT 2024"]
[Source "ChessBase"]
[SourceDate "2023.10.10"]
[SourceVersion "1"]
[SourceVersionDate "2023.10.10"]
[SourceQuality "1"]
[WhiteTeam "Martin Medea"]
[BlackTeam "Detva"]
[WhiteTeamCountry "SVK"]
[BlackTeamCountry "SVK"]

1. Nf3 Nf6 2. g3 b6 3. Bg2 Bb7 4. c4 c5 5. 0-0 e6 6. Nc3 Be7 7. d4 cxd4 8. Qxd4 0-0 9. e4 Nc6 10. Qd3 d5 11. cxd5 Nb4 12. Qb1 exd5 13. e5 Ne4 14. a3 Nxc3 15. bxc3 Na6 16. c4 Rc8 17. cxd5 Qxd5 18. Bf4 Rfd8 19. Nh4 Qd7 20. Bxb7 Qxb7 21. Nf5 Nc5 22. Rd1 Ne6 23. Nxe7+ Qxe7 24. Qb4 Rxd1+ 25. Rxd1 Qxb4 26. axb4 Nxf4 27. gxf4 Kf8 28. Rd7 Rc4 29. f5 Rxb4 30. f6 gxf6 31. exf6 Re4 32. Rxa7 Ke8 33. Ra8+ Kd7 34. Rf8 Ke6 35. Re8+ Kf5 36. Rh8 Kg6 37. Rb8 Rb4 38. Kg2 Kxf6 39. Rh8 Kg7 40. Rb8 Rb2 41. Rb7 b5 42. h3 b4 43. Rb6 b3 44. Kg3 Rb1 45. Kg2 f6 46. Kf3 Kg6 47. Kf4 Rb2 48. f3 Rb1 49. Rb5 b2 50. Rb7 h6 51. Rb5 h5 52. h4 Kh6 53. Rb6 Kg7 54. Rb7+ Kf8 55. Kf5 Rf1 56. Rxb2 Rxf3+ 57. Kg6 Ke7 58. Re2+ Kd6 59. Kxh5 Rg3 60. Kh6 f5 61. h5 f4 62. Kh7 f3 63. Re8 Rg5 64. Rf8 Rxh5+ 65. Kg6 Rh3 66. Kg5 Rg3+ 67. Kf4 Rg1 68. Ke3 Re1+ 69. Kf2 1/2-1/2

[Event "SVK-chT1E 2223"]
[Site "Slovakia"]
[Date "2023.03.12"]
[Round "11.8"]
[White "Magat, Jozef"]
[Black "Lovcican, Tomas"]
[Result "1-0"]
[WhiteElo "2059"]
[BlackElo "1980"]
[PlyCount "67"]
[EventDate "2022.10.15"]
[EventType "team-tourn"]
[EventRounds "11"]
[EventCountry "SVK"]
[SourceTitle "EXT 2024"]
[Source "ChessBase"]
[SourceDate "2023.10.10"]
[SourceVersion "1"]
[SourceVersionDate "2023.10.10"]
[SourceQuality "1"]
[WhiteTeam "Dunajov Martin"]
[BlackTeam "Banska Bystrica Junior"]
[WhiteTeamCountry "SVK"]
[BlackTeamCountry "SVK"]

1. d4 Nf6 2. Nf3 e6 3. c4 c5 4. Nc3 a6 5. d5 exd5 6. Nxd5 Nxd5 7. Qxd5 Nc6 8. g3 d6 9. Bg2 Be6 10. Qe4 Be7 11. 0-0 d5 12. cxd5 Qxd5 13. Qxd5 Bxd5 14. Rd1 Rd8 15. Be3 0-0 16. b3 c4 17. Bb6 Bf6 18. Bxd8 Bxa1 19. Bb6 Bxf3 20. Bxf3 Bf6 21. bxc4 Ne5 22. Bd5 Nd7 23. Bc7 Rc8 24. Bd6 Nc5 25. e4 g6 26. e5 Bg7 27. Rb1 Bf8 28. Bxc5 Bxc5 29. Rxb7 Rf8 30. Kg2 Bd4 31. f4 Kg7 32. Kf3 g5 33. e6 gxf4 34. e7 1-0

[Event "SVK-chT1E 2223"]
[Site "Slovakia"]
[Date "2023.02.05"]
[Round "9.5"]
[White "Lovcican, Tomas"]
[Black "Klemanic, Emil"]
[Result "1/2-1/2"]
[WhiteElo "1980"]
[BlackElo "2108"]
[PlyCount "51"]
[EventDate "2022.10.15"]
[EventType "team-tourn"]
[EventRounds "11"]
[EventCountry "SVK"]
[SourceTitle "EXT 2024"]
[Source "ChessBase"]
[SourceDate "2023.10.10"]
[SourceVersion "1"]
[SourceVersionDate "2023.10.10"]
[SourceQuality "1"]
[WhiteTeam "Banska Bystrica Junior"]
[BlackTeam "Kosice Slavia UPJS"]
[WhiteTeamCountry "SVK"]
[BlackTeamCountry "SVK"]

1. Nf3 Nf6 2. d4 g6 3. c4 Bg7 4. Nc3 d6 5. e4 0-0 6. Be2 Nbd7 7. 0-0 e5 8. Bg5 c6 9. Qd2 Qc7 10. h3 Re8 11. Bd3 exd4 12. Nxd4 Nc5 13. Rfe1 h6 14. Bf4 g5 15. Bh2 Ng4 16. Ncb5 cxb5 17. Nxb5 Qb6 18. hxg4 Be5 19. Bxe5 dxe5 20. b4 Nxd3 21. Qxd3 Rd8 22. Qg3 Be6 23. Na3 Qxb4 24. Reb1 Qe7 25. Rb3 f6 26. Rab1 1/2-1/2

[Event "SVK-chT2C 2223"]
[Site "Slovakia"]
[Date "2023.01.15"]
[Round "7.3"]
[White "Lovcican, Tomas"]
[Black "Klein, Peter"]
[Result "1-0"]
[WhiteElo "1934"]
[BlackElo "1942"]
[PlyCount "129"]
[EventDate "2022.10.08"]
[EventType "team-tourn"]
[EventRounds "11"]
[EventCountry "SVK"]
[SourceTitle "EXT 2024"]
[Source "ChessBase"]
[SourceDate "2023.10.10"]
[SourceVersion "1"]
[SourceVersionDate "2023.10.10"]
[SourceQuality "1"]
[WhiteTeam "Detva"]
[BlackTeam "Filakovo"]
[WhiteTeamCountry "SVK"]
[BlackTeamCountry "SVK"]

1. Nf3 d5 2. d4 Nf6 3. c4 e6 4. g3 dxc4 5. Qa4+ Bd7 6. Qxc4 Bc6 7. Bg2 Nbd7 8. Nc3 Nb6 9. Qd3 Bb4 10. 0-0 0-0 11. Bg5 Bxc3 12. bxc3 Bd5 13. Rfe1 h6 14. Bxf6 Qxf6 15. e4 Bc4 16. Qc2 Ba6 17. Rad1 Nc4 18. Nd2 Qe7 19. f4 Rad8 20. Nf3 Qa3 21. Rb1 Qa5 22. Rb4 c5 23. Ra4 Qc7 24. Qb3 Nb6 25. Ra5 cxd4 26. cxd4 Rd6 27. Rc5 Rc6 28. Rec1 Rxc5 29. dxc5 Nd7 30. Nd4 Nxc5 31. Qa3 b6 32. Nb3 Bb7 33. Nxc5 bxc5 34. Qxc5 Qxc5+ 35. Rxc5 Rc8 36. Rxc8+ Bxc8 37. Kf2 Kf8 38. Ke3 Bb7 39. Kd4 f5 40. Ke5 Ke7 41. h3 g6 42. Bf3 Ba6 43. Kd4 Bf1 44. h4 Kd6 45. e5+ Kc7 46. Kc5 Ba6 47. Bc6 Be2 48. a3 Bd1 49. Be8 Bh5 50. Kb5 Kd8 51. Bc6 Kc7 52. Bg2 Be2+ 53. Ka5 Bc4 54. Bf3 Bd3 55. Bd1 Bc4 56. Ba4 Be2 57. Be8 Bc4 58. Bxg6 Kc6 59. Be8+ Kc5 60. a4 Kd4 61. Bb5 Bd5 62. Ka6 Kc5 63. Kxa7 Be4 64. Bd7 Bd5 65. a5 1-0